000 00575nam a2200157Ia 4500
008 081213s9999 xx 000 0 und d
050 _aBS1192.5
_b.R69 1956
100 _aRowly, H. H.
245 _aThe Faith of Israel:
_baspect of old Testament Thought
_cH.H. Rowley
260 _c1961
_aLondon
_bScm Press LTD
300 _a220 p.;
_c22cm
500 _aIncludes Index
650 _aBible O. T. - Theology
942 _cBK
_2lcc
999 _c26853
_d26853